000 00649nam a2200217 a 4500
005 20140310183406.0
008 121015s19uu xx 00 eng d
020 _a9781412974516
050 _aN 85
_b.S84 2010
100 _aSullivan, Graeme
245 _aArt practice as research :
_binquiry in visual arts /
_cGraeme Sullivan.
250 _a2nd ed.
260 _aLos Angeles, CA :
_bSAGE,
_c2010.
300 _a281 p. :
_bill. ;
_c25 cm.
500 _aIncludes bibliographical references (p. 249-266) and index
521 _aMA
650 _aArt
_xResearch
650 _aArt
_xStudy and teaching
942 _cBK
_2lcc
_kFOR
999 _c22413
_d22413